LEADER 01105nam a2200265 i 4500 001 000000193144 003 CaOOAMICUS 005 20161129000000.0 008 161129s1979 it u000 u ita u 013 $a171784 040 $aSeMil$bita 245 10$aZanussi :$bsei film /$ca cura di Giorgio Ortiglia. 260 $aBologna :$bCSEO,$c1979. 300 $a382 p., [7] c. di tav. :$bill. ;$c18 cm. 490 0 $aCSEO biblioteca ;$v11 490 0 $aCSEO biblioteca. Paperbacks/tracce 650 4$aZanussi, Krzysztof <1939- > - Cinema.$0(OLS)http://semarc/subject/46523 700 1 $aOrtiglia, Giorgio.$0(OLS)http://semarc/name/70371 830 0$aCSEO biblioteca ;$v11.$0(OLS)http://semarc/title/23277 830 0$aCSEO biblioteca. Paperbacks/tracce.$0(OLS)http://semarc/title/45304 850 $aSeMil 852 $aSeMil$W1$xVenegono$y1$m3M I 250$j143718$B143718$CSeMilBibl$Z2$F216900 $81 961 $aOmaggio: Grampa dott. Cesare 996 $6245$aZanussi :$bsei film$9(OLS)http://semarc/title/278423 996 $6260$aBologna :$bCSEO$9(OLS)http://semarc/publisher/30794 LEADER 01345nam a2200277 i 4500 001 000000172179 003 CaOOAMICUS 005 20080529000000.0 008 080529s2008 fr u000 u fre u 013 $a149618 020 $a2-85021-185-3 040 $aSeMil$bita 100 1 $aGaruti, Paolo,$c.$0(OLS)http://semarc/name/51034 245 10$aQohélet, l'ombre et le soleil :$bl'imaginaire civique du Livre de l'Ecclésiaste entre judaïsme, héllenisme et culture romaine /$cpar Paolo Garuti. 260 $aParis :$bGabalda,$c2008. 300 $a99 p. ;$c24 cm. 490 0 $aCahiers de la Revue biblique ;$v70 500 $aContiene: Bibliographie. 650 4$aBibbia. Antico Testamento. Qohelet - Commentari, studi, critica, interpretazioni.$0(OLS)http://semarc/subject/6967 830 0$aCahiers de la Revue biblique ;$v70.$0(OLS)http://semarc/title/190 850 $aSeMil 852 $aSeMil$W1$xVenegono$y1$m2IA C 70$j269757$B123041$CSeMilBibl$Z2$F134318 $81 961 $aSottoscrizione: Gabalda 996 $6020$a2-85021-185-3$9(OLS)http://semarc/number/159508 996 $6245$aQohélet, l'ombre et le soleil :$bl'imaginaire civique du Livre de l'Ecclésiaste entre judaïsme, héllenisme et culture romaine$9(OLS)http://semarc/title/246506 996 $6260$aParis :$bGabalda$9(OLS)http://semarc/publisher/29624